00298nam a22001097a 4500082001800000100001500018245004900033260006100082300000700143490002800150650001000178 a641.35665 NEL aA.I.Nelson aWhole Soybean Foods for Home and Village use aUrbana,ChampaignbInternational Agricultural Publication a31 aIntsoy Series Number 14 aFoods